00621nam a22001817a 4500003000400000005001700004008004100021020001900062050002300081100002300104245012900127260004900256300002100305521000800326650004800334650002500382650003200407OSt20140310182819.0130304t xxu||||| |||| 00| 0 eng d a 9780807748237 aLB 1575b.L36 2007 aLehman, Barbara A. aChildren's literature and learning :b literary study across the curriculum /cBarbara A. Lehman ; foreword by Janet Hickman a New York, NYbTeachers College Pressc2007. a148 p. :c23 cm. aEDU aLiteraturexStudy and teaching (Elementary) aReading (Elementary) aChildrenxBooks and reading